UM Logo

Auditing problems: (Record no. 3023)

MARC details
000 -LEADER
fixed length control field 00554nam a22001697a 4500
008 - FIXED-LENGTH DATA ELEMENTS--GENERAL INFORMATION
fixed length control field 160604b xxu||||| |||| 00| 0 eng d
020 ## - INTERNATIONAL STANDARD BOOK NUMBER
International Standard Book Number 9718966749
082 ## - DEWEY DECIMAL CLASSIFICATION NUMBER
Edition number 2006
Classification number DFil 657.45
Item number C11
100 ## - MAIN ENTRY--PERSONAL NAME
9 (RLIN) 10095
Personal name Cabrera, Ma. Elenita B.
245 ## - TITLE STATEMENT
Title Auditing problems:
Remainder of title CPA reviewer/
Statement of responsibility, etc. Ma. Elenita B. Cabrera
260 ## - PUBLICATION, DISTRIBUTION, ETC. (IMPRINT)
Place of publication, distribution, etc. Manila:
Name of publisher, distributor, etc. GIC Enterprises & Co.,Inc.,
Date of publication, distribution, etc. c2006.
300 ## - PHYSICAL DESCRIPTION
Extent 816 pages:
Other physical details illustrations;
Dimensions 23.5 cm.
500 ## - GENERAL NOTE
General note Include appendix
650 #0 - SUBJECT ADDED ENTRY--TOPICAL TERM
9 (RLIN) 10096
Topical term or geographic name as entry element Auditing
General subdivision Problems, exercises, etc.
365 ## - TRADE PRICE
Price amount 550.00
Currency code Php.
942 ## - ADDED ENTRY ELEMENTS (KOHA)
Source of classification or shelving scheme Dewey Decimal Classification
Koha item type Filipiniana
Holdings
Withdrawn status Lost status Source of classification or shelving scheme Damaged status Not for loan Collection code Home library Current library Shelving location Date acquired Source of acquisition Total Checkouts Full call number Barcode Date last seen Date last checked out Copy number Cost, replacement price Price effective from Koha item type
    Dewey Decimal Classification     Filipiniana UM Digos College - LIC UM Digos College - LIC Book Cart 08/14/2008 Purchased 18 DFil 657.45 C11 2006 19530 05/15/2025 05/15/2024 1 550.00 06/04/2016 Filipiniana